000 00898nam a2200253 a 4500
005 20090727111027.0
008 820519s1981 maua b 000 0 eng
010 _aENG-94571
020 _a9788120336940
_c250.00
035 _aEN-78104
037 _bDBAD / PUB
040 _adpl
_bEnglish
082 _a658.8
100 _aSrinivasan, R.
245 _aServices marketing :
_bthe Indian context /
_cby R. Srinivasan
250 _a2nd ed.
260 _aNew Delhi
_bPHI Learning
_c2009
270 _aM-97, Connaught Circus
_bNew Delhi
_e110001
300 _axvi, 267p.
_c24cm(pbk)
500 _aIncludes index
650 _aService industries
_xMarketing.
942 _2ddc
_cEN
_h658.8
_mSRI
999 _c28692
_d28692